Szczegóły MARC21

Biuletyn Prac Stypendystów Krajowego Funduszu na Rzecz Dzieci /

001 -Numer kontrolny rekordu [,]
    • @
    • pole kontrolne
    • aa96041130
005 -Data i czas ostatniej zmiany [,]
    • @
    • Data ostatniej zmiany
    • 20241231090423.0
035 -Inne numery kontrolne [ , ]
    • a
    • Numer kontrolny
    • (OCoLC)1424397623
035 -Inne numery kontrolne [ , ]
    • a
    • Numer kontrolny
    • (NUKAT)aa96041130
040 -Instytucja sporządzająca opis [ , ]
    • a
    • Instytucja, która sporządziła opis (NP)
    • WA U/EZ
    • c
    • Instytucja, która sporządziła rekord (NP)
    • WA U/EZ
942 -Rodzaj dokumentu [ , ]
    • c
    • Rodzaj dokumentu
    • Wydaw. ciągłe w tym czasopisma
245 -Strefa tytułu i oznaczenia odpowiedzialności [0,0]
    • a
    • Tytuł
    • Biuletyn Prac Stypendystów Krajowego Funduszu na Rzecz Dzieci /
    • c
    • Pozostałe elementy strefy tytułu i oznaczenia odpowiedzialności (NP)
    • Krajowy Fundusz na Rzecz Dzieci.
260 -Strefa adresu wydawniczego [ , ]
    • a
    • Miejsce wydania (P)
    • Warszawa :
    • b
    • Nazwa wydawcy (P)
    • [s.n.],
    • c
    • Data wydania (P)
    • 1988-.
300 -Strefa opisu fizycznego [ , ]
    • c
    • Format (NP)
    • 20 cm.
310 -Częstotliwość [ , ]
    • a
    • Częstotliwość
    • Rocz.
362 -Strefa numeracji [0, ]
    • a
    • Strefa numeracji
    • W r. szk. 1986/87-.
500 -Uwaga ogólna [ , ]
    • a
    • Uwaga ogólna (NP)
    • Tyt. okł.
546 -Uwaga dot. języka [ , ]
    • a
    • Uwaga dot. języka
    • Od nr 8 (1993/94) tekst również ang.
710 -Hasło dodatkowe - nazwa ciała zbiorowego [2, ]
    • a
    • Nazwa ciała zbiorowego lub nazwa geograficzna jako pierwszy element (NP)
    • Krajowy Fundusz na rzecz Dzieci.
866 -Niesformalizowane zestawienie zasobów [4,0]
    • 1
    • Numer porządkowy egz.
    • 1
    • 8
    • Numer przyłączenia i sekwencyjny
    • 0
852 -Numer inwentarzowy [ , ]
    • 1
    • Numer porządkowy egz.
    • 1
    • a
    • Lokalizacja siglum biblioteki
    • SZCZ U
952 -Egzemplarz [ , ]
    • c
    • Sygnatura
    • Cg.27255 (p.206)
    • d
    • Lokalizacja
    • BG Dział Udostępniania Biblioteka Główna
    • i
    • Nr tomu wydaw.cg
    • Nr 8 (1996)
    • y
    • Status udostępniania
    • Tylko na miejscu
952 -Egzemplarz [ , ]
    • c
    • Sygnatura
    • Cg.27255 (p.206)
    • d
    • Lokalizacja
    • BG Dział Udostępniania Biblioteka Główna
    • i
    • Nr tomu wydaw.cg
    • T. 9 (1997)
    • y
    • Status udostępniania
    • Tylko na miejscu